000 01057cam a2200349 4500
001 WS114108
008 010814n 000 0 eng u
035 _a(Sirsi) u114108
245 _aGovernment Office for the South West
520 _aWeb site for this regional government office. Includes details of their objectives and their annual report, the GOSW newsletter, details of sustainable development in the area and a list of publications.
650 _aREGIONAL OFFICES
650 _aGOVERNMENT
650 _aSOUTH WEST
650 _aSUSTAINABLE DEVELOPMENT
650 _aBRISTOL
650 _aBATH
650 _aSOMERSET
650 _aGLOUCESTERSHIRE
650 _aCORNWALL
650 _aISLES OF SCILLY
650 _aDEVON
650 _aDORSET
650 _aBOURNEMOUTH
650 _aPOOLE
650 _aPLYMOUTH
650 _aTORBAY
650 _aWILTSHIRE
650 _aSWINDON
690 _aLOCAL GOVERNMENT
856 4 0 _uhttps://www.gosw.gov.uk
_zView the website free of charge at www.gosw.gov.uk...
942 _n0
999 _c119820
_d119820